000 00619nam a2200241Ia 4500
003 OSt
005 20221005123335.0
006 a|||||r|||| 00| 0
007 ta
008 221004b |||||||| |||| 00| 0 eng d
024 _a44770
037 _cTextual
040 _aCRL
_cCRL
_beng
041 _2eng
_aeng
082 _aP, H5
100 _aChatterji Suniti Kumar
245 0 _aLanguages and the linguistic problem
260 _c1945
490 _aOxford pamphlets on Indian affairs; 11
650 _aLINGUISTICS
942 _hP, H5
_cTEXL
_2cc
999 _c1047125
_d1047125